DC Alter Egos - Statistics

General Stats
  • This quiz has been taken 1,327 times
    1,325 since last reset
  • The average score is 17 of 25
Answer Stats
Hint Answer % Correct
Bruce Wayne Batman
100%
Kal-El Superman
97%
Princess Diana Wonder Woman
96%
Barry Allen Flash
94%
Hal Jordan Green Lantern
94%
Kyle Rayner Green Lantern
94%
Tim Drake Robin
92%
Selina Kyle Catwoman
89%
Barbara Gordon Bat Girl
88%
Dick Grayson Nightwing
86%
Oliver Jonas Queen Green Arrow
84%
Kara Zor-El Super Girl
82%
Harleen Quinzel Harley Quinn
81%
J'onn J'onnzz Martian Manhunter
76%
Arther Curry Aquaman
73%
Dinah Laurel Lance Black Canary
61%
Victor Stone Cyborg
59%
Kon-El Superboy
58%
Carter Hall Hawkman
49%
Carol Ferris Star Sapphire
26%
Cassandra Sandsmark Wonder Girl
22%
Michael Jon Carter Booster Gold
17%
Nathaniel Adams Captain Atom
17%
Alec Holland Swamp Thing
17%
Buddy Baker Animal Man
13%
No matching quizzes found
Score Distribution
Percent of People with Each Score
Percentile by Number Answered
Your Score History
You have not taken this quiz since the last reset